Statistics for Wagner's Operas

Click here to take the quiz!

General Stats

  • This quiz has been taken 534 times
  • The average score is 9 of 14

Answer Stats

HintAnswer% Correct
1856Die Walküre
82%
1859Tristan und Isolde
82%
1871Siegfried
82%
1854Das Rheingold
78%
1882Parsifal
78%
1874Götterdämmerung
75%
1841Der fliegende Holländer
72%
1848Lohengrin
65%
1867Die Meistersinger von Nürnberg
65%
1845Tannhäuser
64%
1840Rienzi, der Letzte der Tribunen
53%
1834Die Feen
30%
1836Das Liebesverbot
23%
1832Die Hochzeit
10%

Score Distribution

Percentile by Number Answered

Percent of People with Each Score

Your Score History

You have not taken this quiz